MDQL
is popping MORE tags! Check the
thread
!
Quizzes
Events
Quiz Creation
Community
Videos
Private Events
Remove Ads
Sign In
Join for FREE
Feedback
Dark Mode
Quiz Categories
Sports
Geography
Music
Movies
Television
Just For Fun
Miscellaneous
History
Literature
Language
Science
Gaming
Entertainment
Religion
Holiday
For Kids
Quiz Lab
Recent
Popular Today
Quiz Kudos Today
Editor Picks
Curator Picks
Quizzes by...
Day
Popularity
Type
Ratings
Length
Year
Community
Subscriptions
Recent Discussions
Orange Saloon
Badges
Playlists
Quests
Create
Leaderboards
Showdown
Live 5
Trivia Bingo
Activity
Puzzle Library
Sporcle Events
Private Events
Virtual Trivia
Globe League
Become a Host
Pub Owners
SporcleCon
Opinionation
Our Games
Videos
Blog
Mobile Apps
Partnerships
Remove Ads and Go Orange
Feedback
Television
TV Characters
TV Show
Sitcom
Network
Friends
Reality Shows
Cast
South Park
Star Trek
The Simpsons
Doctor Who
Television
TV Characters
TV Show
Sitcom
Network
Friends
Reality Shows
Cast
South Park
Star Trek
The Simpsons
Doctor Who
Random Quiz
Search Sporcle
×
Quiz Lab
Quiz Lab
Television
Extra
Type in answers that appear in a list
Type in answers that appear in a list
Classic
Best Score? Go Orange.
Criminal Minds Quiz Stats
Can you name the Answers to the criminal minds questions?
By
DerekMorganRockz
12m
28 Questions
6,432 Plays
6,432 Plays
6,432 Plays
Comments
Comments
Give Quiz Kudos
Give Quiz Kudos
-
- Ratings
hide this ad
More Info
Forced Order
Answers have to be entered in order
Answers have to be entered in order
Random Order
Randomize order of answers
Randomize order of answers
Replay
Link that replays current quiz
Next Quiz
Link to next quiz in quiz playlist
You Got
0%
They Got
Avg Score
40%
Avg Friend Score
Upgrade to see
Score Distribution
Jump to the score distribution portion of the page
Score
0/28
Timer
12:00
4
Plays Today
Question
Answer
% Correct
What is Morgan's nickname for Garcia
Baby Girl
80.5%
Where was Reid from
Las Vegas
71.6%
What are the names of the BAU Profilers Kids (JJ and Hotch)
Jack and Henry
71.2%
Where was Morgan from
Chicago
68.9%
Where is the BAU Located? (City and State
Quantico, Virginia
66%
In which episode was Haley Hotchner Killed
100
64.7%
Who is Aaron Hotchner's Arch-
Nemesis
George Foyet
62.5%
Who is Emily Prentiss' Arch-
Nemesis
Ian Doyle
58.3%
In 100 what does Hotch tell Jack to do
Work the Case
57.2%
Who was the Newest Member in Season 8
Alex Blake
52.1%
Spencer has a skill where he can remember everything, What's that called
Eidetic Memory
51.8%
Who's father was a serial killer
Ashley Seaver
48.7%
Who was JJ's replacement when she was pregnant
Jordan Todd
44.5%
What was Emily Prentiss' alias
Lauren Reynolds
37.3%
Question
Answer
% Correct
Who is the BAU Section Chief and who confronted her about her drinking
Erin Strauss and Derek Morgan
35.2%
Who is Jason Gideon's Arch-
Nemesis
Frank Breitkopf
33.9%
Name the season 8 stalker of the BAU
The Replicator
30.4%
Who is Derek Morgan's Arch-
Nemesis
Billy Flynn
28.1%
Before JJ became an official profiler, what was her job
Communications Director
26.7%
Who is Spencer Reid's Arch-
Nemesis
Tobias Hankel
23.7%
Before Aaron Hotchner was a BAU Profiler what cities FBI Field Office did he work at? (City and State)
Seattle, Washington
20.9%
What was Derek Morgan arrested for in Profile, Profiled
Homicide
18.9%
Who is the girlfriend of Hotch that moves to New York
Beth Clemmons
18.7%
What type of group did Derek Morgan originally work for (Before a Police Officer)
Bomb Squad
17.5%
Who is Penelope Garcia's Arch-
Nermesis
Jason Clark Battle
13.4%
Who is Elle Greenaway's Arch-
Nemesis
Randall Garner
12.8%
Who is David Rossi's Arch-
Nemesis
Joe or Clown
4.5%
Who is JJ's Arch-
Nemesis
Izzy Rogers
4.4%
Quiz Playlist
Details
Report
Send in Message
Add To Playlist
More Info:
Some answers have 2 Answers that whichever one you type, they'll be correct ex. Derek Morgan's arch nemesis, Elle Greenaway's arch nemesis
Classic:
Type in answers that appear in a list
Forced Order:
Answers have to be entered in order
Random Order:
Randomize order of answers
Last Updated: Jul 20, 2017
Quiz Scoreboard
CHALLENGE
Sign Up to Join the Scoreboard
Show All
Scores
Hide
Comments
May contain spoilers
Recently Published
Street Fighter Characters
by Artimus82
Gaming
60s
9x9 Crossword: Cartoon Network
by jackfrog10
Miscellaneous
3m
College Basketball Coaching Resumes
by pancakes188
Sports
9m
More to Explore
Quiz From the Vault
Featured Blog Post
Where Did the Easter Bunny Come From?
hide this ad
You Might Also Like...
Tags
criminal
Criminal Minds
Extra
mind
Today's Top Quizzes in Television
Browse Television
hide this ad
Today's Top Quizzes in Extra
Browse Extra
Top Contributed Quizzes in Television
1
5-to-1: The Simpsons Families
2
5-to-1: Television Doctors
3
Adjectives in 80s TV Shows
4
Adjectives in 00s TV Shows
5
7-to-1: TV Show Settings
6
Adjectives in 10s TV Shows
7
Survivor Journey Challenge
8
5-to-1: Streaming Originals
9
Survivor Seasons
10
One Piece Logic Puzzle
Explore More
Trending Topics
Marvel
NBA
Disney
Kpop
Crossword
Harry Potter
Anime
The Office
Soccer
NFL
Pokémon
Puzzle
Country
Song
WWE
hide this ad
More By:
DerekMorganRockz
Quiz
Plays
Rating
Category
Featured
Created
Criminal Minds Quiz
6,432
2.86
Television
Mar 2, 2013
Top 5 Players Per MLB Team in 2013
4,310
3.68
Sports
Mar 11, 2013
Current MLB Captains
461
2.60
Sports
Apr 25, 2013
Projected 2013 MLB Lineups
334
5.00
Sports
Mar 17, 2013
Members of the SNL 5 timer club
140
3.33
Television
Mar 17, 2013
Go to Creator's Profile
Score Distribution
Quiz Creator Spotlight
DerekMorganRockz
Follow
Send a Message
Quizzes Created
-
Created Quiz Play Count
-
More By This Creator
Popular Quizzes Today
1
Find the US States - No Outlines Minefield
2
Find the Countries of Europe - No Outlines Minefield
3
The Countries of the World
4
Find the US States
5
Risky Map Clicking: Biggest States A-Z
6
US States
7
Popular People in 1961
8
Movies - When Are They Set?
More Television Quizzes
2000's TV: Missing Letter Thanksgiving
Quiz Lab
Trending Quizzes
Risky Map Clicking: Least Populous States A-Z
1-10 Letter G Words
Risky Map Clicking: Next State Alphabetically
Adjectives in 80s TV Shows
The Seven Year Switch: Catherine
Recently Updated
Leaping Animals
pecheneg
Reality TV Shows (A-Z)
bhenderson79
Rickey Henderson's Hall of Fame Teammates
pecheneg
Champions League XIs: Arsenal
pecheneg
Quick Pick: Celebrities in WWE's Hall of Fame
aduchscher
A-Z Keypad Blitz II
pecheneg
Multiple Oscar Actors
pecheneg
Mystery Phrase Blitz: Oscar 'Best Actors'
pecheneg
F. Scott Fitzgerald Novels
LTH
Pick 3 Villains
ddd62291
Trending Topics
Marvel
Anime
NBA
Kpop
Disney
Crossword
Harry Potter
Song
NFL
Country
Soccer
Puzzle
Pokémon
The Office
WWE
Your Account Isn't Verified!
In order to create a playlist on Sporcle, you need to verify the email address you used during registration. Go to your
Sporcle Settings
to finish the process.
Report this User
Report this user for behavior that violates our
Community Guidelines
.
Details:
Send Report
Go to the Sporcle.com Mobile Site →
Comments